Normal view
MARC view
- Simoes , M. Godoy ,Farret , Felix . A
Entry Personal Name
001 - CONTROL NUMBER
- control field: 58653
003 - CONTROL NUMBER IDENTIFIER
- control field: NUST
005 - DATE AND TIME OF LATEST TRANSACTION
- control field: 20210628202203.0
008 - FIXED-LENGTH DATA ELEMENTS
- fixed length control field: 210628|| aca||aabn | a|a d
040 ## - CATALOGING SOURCE
- Original cataloging agency: NUST
- Transcribing agency: NUST
100 ## - HEADING--PERSONAL NAME
- Personal name: Simoes , M. Godoy ,Farret , Felix . A
670 ## - SOURCE DATA FOUND
- Source citation: Work cat.: (NUST): Simoes , M. Godoy ,Farret , Felix . A, Renewable energy systems ,design and analysis with induction generators, 2004
